|
|
|
|
| LEADER |
00000csc a2200000 a 4500 |
| 001 |
69944a |
| 005 |
20230717085707.0 |
| 008 |
003121|2001 ||||||||r|||||||||||spa|| |
| 040 |
|
|
|b spa
|
| 041 |
1 |
|
|a spa
|
| 082 |
0 |
|
|a 378.86
|
| 245 |
|
|
|a Diseño de proyectos: compilación
|c Asociación de Facultades Ecuatorianas de Filosofía y Ciencias de la Educación
|h imp
|
| 264 |
|
|
|a Quito
|b Asociación de Facultades Ecuatorianas de Filosofía y Ciencias de la Educación
|c 2001
|
| 300 |
|
|
|a 175 páginas:
|b tbls
|
| 490 |
|
|
|a Maestría en Gerencia de Proyectos Educativos y Sociales
|
| 650 |
|
|
|a Proyectos diseño
|9 291122
|
| 650 |
|
|
|a Diseño de proyectos
|9 39420
|
| 710 |
2 |
|
|a Asociación de Facultades Ecuatorianas de Filosofía y Ciencias de la Educación.
|g AFEFCE
|9 94209
|
| 852 |
|
|
|a UC-CDJBV
|c PRIMER PISO
|f Donación
|k lucia.mora
|l 1
|m General
|p 20031216
|q 1,00
|r 2
|t 69944a
|w Educación Superior
|y 115519
|b 0
|d CDRC
|e CDRC
|g 378.86 PRIMER PISO
|z 2003-31-21
|
| 942 |
|
|
|
| 999 |
|
|
|c 118803
|d 118803
|